Sports Quiz

Random Sports or Baseball Quiz

Did Yogi Berra Actually Say That? Quiz Stats

 Plays Quiz not verified by Sporcle

Score 0/20 Timer 06:00
0 Plays Today
Quote Y or N % Correct
'I really didn't say everything I said.'???
77.7%
'It gets late early out there.'???
76.1%
'It ain’t over till it’s over.'???
75.2%
'You can’t think and hit at the same time.'???
73.8%
'We made too many of the wrong mistakes.'???
73.1%
'I knew the record would stand until it was broken.'???
72.5%
[What time is it?] 'You mean now?'???
67%
'If I could just make them up on the spot, I’d be famous.'???
65.9%
'Thank you for making this day necessary.'???
62.6%
'If you can't imitate him, don't copy him.'???
62%
Quote Y or N % Correct
'In theory there is no difference between theory and practice; in practice there is.'???
41.3%
'I never answer an anonymous letter.'???
40.8%
'Our similarities are different.'???
35.8%
'If Casey Stengel were alive today, he’d be turning over in his grave.'???
30.4%
'The future ain't what it used to be.'???
30.1%
'It's tough to make predictions, especially about the future.'???
30%
'Always go to other people’s funerals; otherwise they won’t go to yours.'???
29.9%
'When you come to a fork in the road, take it.'???
27%
'Nobody goes there anymore. It's too crowded.'???
26.4%
'It’s déjà vu all over again!'???
25.7%

You're not logged in!

Compare scores with friends on all Sporcle quizzes.
OR
Log In

Show Comments

Extras

Top Quizzes Today


Score Distribution

Your Account Isn't Verified!

In order to create a playlist on Sporcle, you need to verify the email address you used during registration. Go to your Sporcle Settings to finish the process.

Report this User

Report this user for behavior that violates our Community Guidelines.

Details: